[Event "Brasschaat op 16th"]
[Site "Brasschaat"]
[Date "2016.08.28"]
[Round "9"]
[White "Kok, Ivo"]
[Black "Van den Bosch, Arno"]
[Result "1/2-1/2"]
[WhiteElo "2029"]
[BlackElo "1926"]
[PlyCount "26"]
[EventDate "2016.08.20"]
[EventType "swiss"]
[EventRounds "9"]
[EventCountry "BEL"]
[SourceTitle "CBM 174 Extra"]
[Source "ChessBase"]
[SourceDate "2016.10.10"]
[SourceVersion "1"]
[SourceVersionDate "2016.10.10"]
[SourceQuality "1"]

1. e4 c5 2. Nf3 d6 3. c3 Nf6 4. Be2 g6 5. 0-0 Bg7 6. Bb5+ Bd7 7. Bxd7+ Nbxd7 8. Re1 0-0 9. d4 cxd4 10. cxd4 e5 11. Nc3 h6 12. h3 Re8 13. d5 Nc5 1/2-1/2

[Event "Brasschaat op 16th"]
[Site "Brasschaat"]
[Date "2016.08.26"]
[Round "7"]
[White "Kok, Ivo"]
[Black "Van Riemsdijk, Herman Claudius"]
[Result "0-1"]
[WhiteElo "2029"]
[BlackElo "2318"]
[PlyCount "56"]
[EventDate "2016.08.20"]
[EventType "swiss"]
[EventRounds "9"]
[EventCountry "BEL"]
[SourceTitle "CBM 174 Extra"]
[Source "ChessBase"]
[SourceDate "2016.10.10"]
[SourceVersion "1"]
[SourceVersionDate "2016.10.10"]
[SourceQuality "1"]

1. e4 e5 2. Nf3 Nc6 3. Bb5 a6 4. Ba4 Nf6 5. 0-0 Be7 6. Re1 b5 7. Bb3 0-0 8. c3 d6 9. h3 Na5 10. Bc2 c5 11. d4 Qc7 12. Nbd2 cxd4 13. cxd4 Be6 14. d5 Bd7 15. Rb1 g6 16. Nf1 Nh5 17. Bd3 Ng7 18. b3 f5 19. Ba3 Qd8 20. Qd2 Nb7 21. Qe2 Nh5 22. Ne3 Nf4 23. Qd2 b4 24. Bb2 Nxd3 25. Qxd3 Nc5 26. Qd2 fxe4 27. Nh2 Nd3 28. Re2 Bg5 0-1

[Event "Brasschaat op 16th"]
[Site "Brasschaat"]
[Date "2016.08.23"]
[Round "4"]
[White "Hamblok, Roel"]
[Black "Kok, Ivo"]
[Result "1-0"]
[WhiteElo "2308"]
[BlackElo "2029"]
[PlyCount "125"]
[EventDate "2016.08.20"]
[EventType "swiss"]
[EventRounds "9"]
[EventCountry "BEL"]
[SourceTitle "CBM 174 Extra"]
[Source "ChessBase"]
[SourceDate "2016.10.10"]
[SourceVersion "1"]
[SourceVersionDate "2016.10.10"]
[SourceQuality "1"]

1. d4 Nf6 2. Nf3 e6 3. Bf4 c5 4. c3 Be7 5. h3 Qb6 6. Qb3 Nc6 7. e3 0-0 8. Nbd2 d5 9. Rb1 Bd7 10. Qd1 Rac8 11. Bd3 cxd4 12. exd4 Na5 13. Qe2 a6 14. Ne5 Bb5 15. 0-0 Rfd8 16. Bg3 Bxd3 17. Qxd3 Qb5 18. Qf3 Nc6 19. Rfe1 Qa5 20. Nxc6 Rxc6 21. a3 Rdc8 22. Qe3 Qa4 23. Bh4 Qc2 24. Rec1 Qf5 25. Nf3 Rb6 26. g4 Qg6 27. Ne5 Qe4 28. Bxf6 gxf6 29. Nd3 Qxe3 30. fxe3 Rb3 31. Kf2 Rc6 32. Ra1 a5 33. Rc2 Rbb6 34. Ke2 Rc4 35. Kd2 Kg7 36. b4 Rc8 37. Nc5 Ra8 38. Rca2 Ra7 39. Nb3 a4 40. Nc5 Bxc5 41. dxc5 Rc6 42. Rc1 b6 43. cxb6 Rxb6 44. c4 dxc4 45. Rxc4 h5 46. gxh5 Kh6 47. Kc3 Kxh5 48. Rg2 Rb5 49. Rc5+ Rxc5+ 50. bxc5 Kh4 51. Kb4 Kxh3 52. Rg7 f5 53. Kb5 e5 54. Kb6 Re7 55. c6 f4 56. exf4 exf4 57. c7 Rxc7 58. Kxc7 f5 59. Rf7 Kg4 60. Kd6 f3 61. Ke5 f4 62. Rxf4+ Kg3 63. Rxa4 1-0

[Event "Vlissingen HZ op 20th"]
[Site "Vlissingen"]
[Date "2016.08.08"]
[Round "4"]
[White "Muehlenhaus, Sven"]
[Black "Kok, Ivo"]
[Result "1-0"]
[WhiteElo "2262"]
[BlackElo "2029"]
[PlyCount "69"]
[EventDate "2016.08.06"]
[EventType "swiss"]
[EventRounds "9"]
[EventCountry "NED"]
[SourceTitle "CBM 173 Extra"]
[Source "ChessBase"]
[SourceDate "2016.08.29"]
[SourceVersion "1"]
[SourceVersionDate "2016.08.29"]
[SourceQuality "1"]

1. d4 Nf6 2. c4 e6 3. Nf3 d5 4. Nc3 Be7 5. Bg5 0-0 6. e3 Nbd7 7. Rc1 c6 8. Bd3 dxc4 9. Bxc4 b5 10. Bd3 Bb7 11. 0-0 a6 12. e4 c5 13. e5 Nd5 14. Ne4 c4 15. Bb1 f5 16. exf6 gxf6 17. Bh6 Kh8 18. Bxf8 Qxf8 19. Ng3 Qf7 20. Re1 Rg8 21. Qe2 Nf8 22. Qe4 f5 23. Ne5 Qg7 24. Qf3 Bb4 25. Be4 Bxe1 26. Rxe1 Qf6 27. Nxf5 exf5 28. Bxd5 Bxd5 29. Qxd5 Ng6 30. Nxg6+ Rxg6 31. g3 f4 32. Re8+ Kg7 33. Qd7+ Kh6 34. Re7 Rg7 35. Qh3+ 1-0

[Event "Vlissingen HZ op 16th"]
[Site "Vlissingen"]
[Date "2012.08.10"]
[Round "8"]
[White "Kok, Ivo"]
[Black "Herbold, Manfred"]
[Result "0-1"]
[WhiteElo "1989"]
[BlackElo "2126"]
[PlyCount "80"]
[EventDate "2012.08.04"]
[EventType "swiss"]
[EventRounds "9"]
[EventCountry "NED"]
[SourceTitle "CBM 149 Extra"]
[Source "ChessBase"]
[SourceDate "2012.08.24"]
[SourceVersion "1"]
[SourceVersionDate "2012.08.24"]
[SourceQuality "1"]

1. e4 e6 2. d4 d5 3. Nd2 Nc6 4. Ngf3 Nf6 5. e5 Nd7 6. c3 f6 7. Bb5 fxe5 8. Bxc6 bxc6 9. Nxe5 Nxe5 10. dxe5 Qg5 11. Nf3 Qxg2 12. Rg1 Qh3 13. Be3 c5 14. Rg3 Qf5 15. Qa4+ Bd7 16. Qa5 Qd3 17. Rd1 Qb5 18. Qxc7 Qxb2 19. Nd2 Qb6 20. Qxb6 axb6 21. Ra1 g6 22. Rb1 b5 23. Nb3 Rc8 24. f4 Be7 25. Rh3 0-0 26. Ke2 Rc7 27. Rb2 Ra8 28. Bg1 Ra4 29. Rf3 b4 30. Kd2 bxc3+ 31. Kxc3 Ra3 32. Kc2 Ba4 33. Kb1 Kf7 34. Rc3 c4 35. Bd4 Bb4 36. Rc1 Ke8 37. Na1 Be7 38. Rb6 Kd7 39. Rc3 Rxc3 40. Bxc3 Bc5 0-1

[Event "Vlissingen HZ op 15th"]
[Site "Vlissingen"]
[Date "2011.08.05"]
[Round "8"]
[White "Colijn, Stefan"]
[Black "Kok, Ivo"]
[Result "1-0"]
[WhiteElo "2207"]
[BlackElo "1985"]
[PlyCount "81"]
[EventDate "2011.07.30"]
[EventType "swiss"]
[EventRounds "9"]
[EventCountry "NED"]
[SourceTitle "CBM 143 Extra"]
[Source "ChessBase"]
[SourceDate "2011.08.29"]
[SourceVersion "1"]
[SourceVersionDate "2011.08.29"]
[SourceQuality "1"]

1. c4 Nf6 2. Nf3 g6 3. g3 Bg7 4. Bg2 0-0 5. 0-0 d5 6. Qc2 c6 7. b3 Bg4 8. h3 Bxf3 9. Bxf3 Nbd7 10. Bb2 e5 11. d3 Re8 12. e4 Nf8 13. exd5 cxd5 14. Nc3 Rc8 15. Rad1 Ne6 16. Qb1 Qd7 17. Bg2 d4 18. Nd5 h5 19. h4 Rc5 20. Nxf6+ Bxf6 21. Bc1 Rcc8 22. Rde1 a5 23. Kh2 Bg7 24. Bd2 b6 25. Qd1 Nc5 26. Bh3 Qc6 27. Bc1 f5 28. f3 Bf6 29. Re2 Qc7 30. Rg2 Kh8 31. Kh1 Qh7 32. g4 Bxh4 33. gxf5 gxf5 34. Bg5 Bxg5 35. Rxg5 Rg8 36. Bxf5 Qh6 37. f4 Rxg5 38. fxg5 Qc6+ 39. Kh2 Rc7 40. Qxh5+ Kg8 41. Bg6 1-0